UM Logo

Teaching physical education for learning/ (Record no. 1190)

MARC details
000 -LEADER
fixed length control field 00660nam a22001937a 4500
008 - FIXED-LENGTH DATA ELEMENTS--GENERAL INFORMATION
fixed length control field 160303b xxu||||| |||| 00| 0 eng d
020 ## - INTERNATIONAL STANDARD BOOK NUMBER
International Standard Book Number 978-0-07-337652-3
082 ## - DEWEY DECIMAL CLASSIFICATION NUMBER
Edition number 2010
Classification number DC 613.707
Item number R582
100 ## - MAIN ENTRY--PERSONAL NAME
9 (RLIN) 3387
Personal name Rink, Judith E.
245 ## - TITLE STATEMENT
Title Teaching physical education for learning/
Statement of responsibility, etc. Judith E. Rink.
250 ## - EDITION STATEMENT
Edition statement Sixth Edition
260 ## - PUBLICATION, DISTRIBUTION, ETC. (IMPRINT)
Place of publication, distribution, etc. Boston:
Name of publisher, distributor, etc. McGraw-Hill,
Date of publication, distribution, etc. ©2010.
300 ## - PHYSICAL DESCRIPTION
Extent xvi, 368 pages:
Other physical details illustrations;
Dimensions 24 cm.
500 ## - GENERAL NOTE
General note Includes index.
650 #0 - SUBJECT ADDED ENTRY--TOPICAL TERM
9 (RLIN) 3388
Topical term or geographic name as entry element Physical education and training
General subdivision Study and teaching
650 #0 - SUBJECT ADDED ENTRY--TOPICAL TERM
9 (RLIN) 3389
Topical term or geographic name as entry element Physical education for children
General subdivision Study and teaching
365 ## - TRADE PRICE
Price amount 9,872.00
Currency code Php
942 ## - ADDED ENTRY ELEMENTS (KOHA)
Source of classification or shelving scheme Dewey Decimal Classification
Koha item type Circulation
Holdings
Withdrawn status Lost status Source of classification or shelving scheme Damaged status Not for loan Collection code Home library Current library Shelving location Date acquired Source of acquisition Total Checkouts Full call number Barcode Date last seen Date last checked out Copy number Price effective from Koha item type
    Dewey Decimal Classification     Circulation UM Digos College - LIC UM Digos College - LIC Book Cart 09/24/2010 Purchased 8 DC 613.707 R582 2010 21135 05/15/2025 01/08/2021 1 03/03/2016 Circulation